| 000 | 00879nam a2200241 a 4500 | ||
|---|---|---|---|
| 001 | BRCA_415 | ||
| 005 | 20190320203012.0 | ||
| 008 | 760408s1976 nyua 001 0 eng | ||
| 020 | _a0690011245 | ||
| 040 |
_aDLC _cDLC _dDLC |
||
| 041 | _aengger | ||
| 050 | 4 |
_aNK4373 _b.D78 1976 |
|
| 100 | 1 |
_aDucret, Siegfried _91412 |
|
| 245 | 1 | 0 |
_aThe Color Treasury of Eighteenth Century Porcelain _ctext by Siegfried Ducret ; photos by Michael Wolgensinger ; translated by Christine Friedlander. |
| 260 |
_aNueva York _bThomas Y. Crowell _c1976 |
||
| 300 |
_a138 p. _bil. (algunas a color) _c30 cm. |
||
| 500 | _aTraducción de: Porzellan der europñschen Manufakturen im 18. Jahrhundert | ||
| 650 | 1 | 4 |
_aColor en la industria cerámica _91413 |
| 650 | 1 | 4 |
_aPorcelana _ySiglo XVIII _91414 |
| 700 | 1 |
_aWolgensinger, Michael _91415 |
|
| 700 | 1 |
_aFriedlander, Christine _91416 |
|
| 942 |
_2lcc _cB |
||
| 999 |
_c350 _d350 |
||